000 00854nam a2200229Ii 4500
003 JO-AjNU
008 230605s9999||||xx |||||||||||||| ||und||
017 _a2006/8/2230
040 _aJO-AjNU
_bara
_erda
_cJO-AjNU
041 _aara
050 1 4 _aKMM467.5.Q2622.2006
100 3 _aمدغمش ، جمال عبد الغني ,
_eauthor
_921468
245 0 0 _aيمين كذب الإقرار
250 _a(د،ط)
264 3 1 _aعمان : جمال عبد الغني مدغمش ، 2006
300 _a94ص
336 _atext
_btxt
_2rdacontent
337 _aunmediated
_bn
_2rdamedia
338 _avolume
_bnc
_2rdacarrier
490 0 _aسلسلة الكتب القانونية
650 4 _aشهادة الشهود -- قوانين وتشريعات -- الإثبات (قانون) -- الأردن -- قانون المرافعات -- الأردن
_921469
999 _aA7461
_c11029
_d11029